| 000 | 00785nam a22002177a 4500 | ||
|---|---|---|---|
| 999 |
_c10235 _d10235 |
||
| 003 | AR-CdUCM | ||
| 008 | 190329b ||||| |||| 00| 0 spa d | ||
| 040 |
_aMUNICIPALIDAD PROVINCIAL DEL CUSCO _cBIBLIOTECA MUNICIPAL DEL CUSCO |
||
| 082 |
_a869.2 / _bI5 / 1965 |
||
| 245 |
_aInforme sobre Santo Domingo / _cArnoldo Liberman; Héctor Yanover |
||
| 260 |
_aBuenos Aires : _bBarrilete, _c1965. |
||
| 300 |
_a32 páginas ; _c19.5 cm. |
||
| 500 | _aDonación de la familia Nieto. Publicación artesanal. | ||
| 650 |
_aPoesía argentina - Antología _926960 |
||
| 650 |
_aPoetas argentinos _911817 |
||
| 650 |
_aPoesía - Argentina - Siglo XX _915285 |
||
| 700 |
_aLiberman, Arnoldo _926961 |
||
| 700 |
_aYanover, Héctor _915284 |
||
| 942 |
_2ddc _cLIBROS |
||
| 945 |
_apjha _d2019-05-14 |
||